00580nam a22001577a 4500003000900000008004100009040007100050082001800121100002800139245006300167260005000230300002500280505007600305650002500381650001600406AR-CdUCM190312b ||||| |||| 00| 0 spa d aMUNICIPALIDAD PROVINCIAL DEL CUSCOcBIBLIOTECA MUNICIPAL DEL CUSCO a869.44 /bO15 aOcampo Moscoso, Eduardo aPersonalidad y obra poetica de don Ricardo Jaimes Freyre / aCochabamba :bEditorial Universitaria,c1968. a93 paginas ;c17 cm. aContenido :Personalidad y obra poética de don Ricardo Jaimes Freyre / aLiteratura poética aBiografía